书目信息 |
| 题名: |
篇章语用学概论
|
|
| 作者: | 钱敏汝 著 ;刘润清 , 胡壮麟 主编 | |
| 分册: | ||
| 出版信息: | 北京 外语教学与研究出版社 2001.12 |
|
| 页数: | 350页 | |
| 开本: | 21cm | |
| 丛书名: | 北京外语大学语言学研究丛书 | |
| 单 册: | ||
| 中图分类: | H0 | |
| 科图分类: | ||
| 主题词: | 语用学--研究--汉、德、英 | |
| 电子资源: | ||
| ISBN: | 7-5600-1891-2 | |
| 000 | 01098nam2 2200301 45 | |
| 001 | 012003000000 | |
| 005 | 20041129145921.13 | |
| 010 | @a7-5600-1891-2@dCNY 14.90 | |
| 100 | @a20031229e2001 ekmy0chiy0121 ea | |
| 101 | 0 | @achi |
| 102 | @aCN@b110000 | |
| 105 | @aa z 000yy | |
| 200 | 1 | @a篇章语用学概论@Apian zhang yu yong xue gai lun@dThe foundations of text-pragmatics@f钱敏汝著@zeng |
| 210 | @a北京@c外语教学与研究出版社@d2001.12@h2003重印 | |
| 215 | @a350页@c图@d21cm | |
| 225 | 2 | @a北京外语大学语言学研究丛书@f刘润清, 胡壮麟主编 |
| 320 | @a本书含参考文献 | |
| 330 | @a本书内容包括: 序言:篇章语言学与篇章语用学, 篇章语用学与诸相关专业领域, 篇章语用学的理论基础, 篇章语用学的描写模式与分析方法, 总结与展望。 | |
| 410 | 0 | @12001 @a北京外语大学语言学研究丛书 |
| 510 | 1 | @aThe foundations of text-pragmatics@zeng |
| 606 | 0 | @a语用学@x研究@x汉、德、英 |
| 690 | @aH0@v4 | |
| 701 | 0 | @a钱敏汝@Aqian min ru@4著 |
| 702 | 0 | @a刘润清@Aliu run qing@4主编 |
| 702 | 0 | @a胡壮麟@Ahu zhuang lin@4主编 |
| 801 | 0 | @aCN@bQSSKz@c20041129 |
| 905 | @dH0@eQ215 | |
| 906 | @dCNY14.90@n3@r1 | |
| 篇章语用学概论=The foundations of text-pragmatics/钱敏汝著.-北京:外语教学与研究出版社,2001.12(2003重印) |
| 350页:图;21cm.-(北京外语大学语言学研究丛书/刘润清, 胡壮麟主编) |
| ISBN 7-5600-1891-2:CNY 14.90 |
| 本书内容包括: 序言:篇章语言学与篇章语用学, 篇章语用学与诸相关专业领域, 篇章语用学的理论基础, 篇章语用学的描写模式与分析方法, 总结与展望。 |
| ● |
| 相关链接 |
|
|
|
正题名:篇章语用学概论
索取号:H0/Q215
 
预约/预借
| 序号 | 登录号 | 条形码 | 馆藏地/架位号 | 状态 | 备注 |
| 1 | 384835 | 203848355 | 语言库209/209语言库 61排3列3层/ [索取号:H0/Q215] | 在馆 | |
| 2 | 384836 | 203848364 | 语言库209/209语言库 61排3列3层/ [索取号:H0/Q215] | 在馆 | |
| 3 | 384837 | 203848373 | 语言库209/209语言库 61排3列3层/ [索取号:H0/Q215] | 在馆 | |
| 4 | 427627 | 204276274 | 语言库209/209语言库 61排3列3层/ [索取号:H0/Q215] | 在馆 | |
| 5 | 427628 | 204276283 | 语言库209/209语言库 61排3列3层/ [索取号:H0/Q215] | 在馆 | |
| 6 | 427629 | 204276292 | 语言库209/209语言库 61排3列3层/ [索取号:H0/Q215] | 在馆 |